Against ecological sovereignty (Record no. 122391)
[ view plain ]
| 000 -LEADER | |
|---|---|
| fixed length control field | 01493nam a2200397Ia 4500 |
| 082 04 - DEWEY DECIMAL CLASSIFICATION NUMBER | |
| Classification number | 179/.1 |
| 100 1# - MAIN ENTRY--AUTHOR NAME | |
| Personal name | Smith, Mick, |
| 245 10 - TITLE STATEMENT | |
| Title | Against ecological sovereignty |
| 260 ## - PUBLICATION, DISTRIBUTION, ETC. (IMPRINT) | |
| Place of publication | Minneapolis : |
| Name of publisher | University of Minnesota Press, |
| Year of publication | c2011. |
| 300 ## - PHYSICAL DESCRIPTION | |
| Number of Pages | xx, 269 p. : |
| Other physical details | ill. |
| 490 1# - SERIES STATEMENT | |
| Series statement | Posthumanities ; |
| 650 #0 - SUBJECT ADDED ENTRY--TOPICAL TERM | |
| Topical Term | Environmental ethics. |
| Topical Term | Human ecology |
| Topical Term | Biopolitics |
| Topical Term | Sovereignty |
| Topical Term | Culture and globalization. |
| 856 40 - ELECTRONIC LOCATION AND ACCESS | |
| Uniform Resource Identifier | http://site.ebrary.com/lib/rucke/Doc?id=10516114 |
No items available.
